Nonlinear vibrations in mechanical and electrical systems /

Guardado en:
Autor Principal: Stoker, J. J. 1905-
Formato: Libro
Idioma:English
Publicado: New York : Interscience Publishers, 1950.
Series:Pure and applied mathematics (Interscience Publishers) ; v. 2.
Materias:
Etiquetas: Agregar Etiqueta
Sin Etiquetas, Sea el primero en etiquetar este registro!
LEADER 01232cam a22002535a 4500
001 MAT.inmabb002972
008 901030s1950####nyua#####b####001#0#eng##
005 20130326172916.0
245 1 0 |a Nonlinear vibrations in mechanical and electrical systems /  |c J. J. Stoker. 
260 |a New York :  |b Interscience Publishers,  |c 1950. 
300 |a xix, 273 p. :  |b il. ;  |c 24 cm. 
490 1 |a Pure and applied mathematics ;  |v v. 2 
504 |a Bibliografía: p. 265-267. 
505 8 |a 1. Linear vibrations -- 2. Free vibrations of undamped systems with nonlinear restoring forces -- 3. Free oscillations with damping and the geometry of integral curves -- 4. Forced oscillations of systems with nonlinear restoring force -- 5. Self-sustained oscillations -- 6. Hill's equation and its application to the study of the stability of nonlinear oscillations. 
510 4 |a MR,  |c 11,666a 
020 |a 0470828307 
100 1 |a Stoker, J. J.  |q (James Johnston),  |d 1905- 
830 0 |a Pure and applied mathematics (Interscience Publishers) ;  |v v. 2. 
650 0 |a Vibration. 
650 0 |a Nonlinear oscillations. 
084 |a 34C15 (70Kxx 78A99)  |2 msc2000 
010 |a  50002469  
040 |a DLC/ICU  |c ICU  |d DLC 
859 |h 34  |i St874  |p A-4868  |b BIB. MATEMATICA